000 00734nam a2200289Ia 4500
005 20260324111700.0
008 008 260324s9999 xx 000 0 eng d
020 _a9781003475903
037 _aEBOOK
040 _aCRL
040 _beng
040 _cCRL
041 _2eng
041 _aeng
084 _qCRL
100 _aJuha Haavisto
_91139577
245 0 _aEconomics, Politics and Prosperity in Restoration England
245 3 _bAn Intellectual History of the Works of Sir William Temple
260 _bTaylor and Francis
260 _c2025
365 _a
365 _b230
856 _uhttp://www.taylorfrancis.com/books/9781003475903
942 _cEBOOK
999 _c1728481
_d1728481